00333nam a2200109Ia 4500008004100000082000800041100001700049245003700066942000600103952009900109999001500208240331s9999 xx 000 0 und d bAGA aAgastiyar, S 0aOru nootandin Iru Tamil navalkal cL 001040708LaWERCLbWERCLcSSCd2024-03-31l0o 894.811 AGAp1581r2024-03-31w2024-03-31yL c4059d4059